[Event "13th Khazar International Open Chess Tournament - "]
[Site "Rasht, Iran"]
[Date "2015.02.13"]
[Round "4"]
[Board "3"]
[White "Mirzoev, Azer"]
[Black "Asgari, Morteza"]
[Result "0-1"]
[WhiteElo "2556"]
[BlackElo "2193"]
[PlyCount "0"]
[EventDate "2015.02.11"]
[EventRounds "9"]
[EventCountry "IRI"]

1. d4 {[%clk 1:30:49]} Nf6 {[%clk 1:24:57]} 2. Nf3 {[%clk 1:30:50]} e6
{[%clk 1:24:39]} 3. c4 {[%clk 1:31:09]} c5 {[%clk 1:24:01]} 4. d5
{[%clk 1:31:18]} exd5 {[%clk 1:23:58]} 5. cxd5 {[%clk 1:31:43]} d6
{[%clk 1:24:09]} 6. Nc3 {[%clk 1:32:07]} g6 {[%clk 1:24:21]} 7. Bf4
{[%clk 1:32:32]} a6 {[%clk 1:24:02]} 8. a4 {[%clk 1:32:55]} Bg7 {[%clk 1:24:06]}
9. e3 {[%clk 1:33:17]} O-O {[%clk 1:24:10]} 10. h3 {[%clk 1:33:40]} Qe7
{[%clk 1:18:52]} 11. Be2 {[%clk 1:33:38]} Nbd7 {[%clk 1:13:38]} 12. O-O
{[%clk 1:34:00]} Rb8 {[%clk 1:12:59]} 13. Nd2 {[%clk 1:32:41]} Ne8
{[%clk 1:12:24]} 14. a5 {[%clk 1:32:12]} Ne5 {[%clk 1:06:27]} 15. Bh2
{[%clk 1:31:28]} f5 {[%clk 1:06:45]} 16. Qb3 {[%clk 1:27:00]} Nc7
{[%clk 0:59:33]} 17. Kh1 {[%clk 1:25:14]} Bd7 {[%clk 0:58:58]} 18. Rae1
{[%clk 1:25:14]} Kh8 {[%clk 0:52:52]} 19. f4 {[%clk 1:17:37]} Nf7
{[%clk 0:53:07]} 20. e4 {[%clk 1:17:37]} fxe4 {[%clk 0:49:42]} 21. Ndxe4
{[%clk 1:16:58]} Qd8 {[%clk 0:49:12]} 22. Bd3 {[%clk 1:09:37]} b5
{[%clk 0:47:59]} 23. axb6 {[%clk 1:09:55]} Nb5 {[%clk 0:48:15]} 24. Bxb5
{[%clk 0:57:59]} axb5 {[%clk 0:41:43]} 25. Ng5 {[%clk 0:51:15]} Nxg5
{[%clk 0:41:18]} 26. fxg5 {[%clk 0:51:41]} Rxb6 {[%clk 0:37:41]} 27. Rxf8+
{[%clk 0:51:40]} Qxf8 {[%clk 0:33:45]} 28. Ne4 {[%clk 0:51:26]} Bf5
{[%clk 0:28:16]} 29. Nf6 {[%clk 0:50:47]} Bxf6 {[%clk 0:26:41]} 30. gxf6
{[%clk 0:50:58]} Qxf6 {[%clk 0:27:07]} 31. Re8+ {[%clk 0:42:42]} Kg7
{[%clk 0:27:35]} 32. Qa3 {[%clk 0:26:44]} Rb7 {[%clk 0:22:50]} 33. Qa8
{[%clk 0:22:55]} Re7 {[%clk 0:21:56]} 34. Rg8+ {[%clk 0:20:11]} Kh6
{[%clk 0:22:23]} 35. Qa1 {[%clk 0:05:47]} Bxh3 {[%clk 0:20:47]} 36. Qc1+
{[%clk 0:02:02]} Kh5 {[%clk 0:20:35]} 37. Bg3 {[%clk 0:00:00]} 0-1

[Event "13th Khazar International Open Chess Tournament - "]
[Site "Rasht, Iran"]
[Date "2015.02.13"]
[Round "4"]
[Board "4"]
[White "Sharbaf, Mohsen"]
[Black "Papin, Vasily"]
[Result "1/2-1/2"]
[WhiteElo "2350"]
[BlackElo "2515"]
[PlyCount "0"]
[EventDate "2015.02.11"]
[EventRounds "9"]
[EventCountry "IRI"]

1. Nf3 {[%clk 1:30:44]} Nf6 {[%clk 1:29:25]} 2. e3 {[%clk 1:30:48]} c5
{[%clk 1:28:55]} 3. b3 {[%clk 1:31:11]} b6 {[%clk 1:26:46]} 4. Bb2
{[%clk 1:31:35]} Bb7 {[%clk 1:27:12]} 5. Be2 {[%clk 1:30:33]} e6 {[%clk 1:27:03]}
6. O-O {[%clk 1:30:56]} Be7 {[%clk 1:27:30]} 7. d3 {[%clk 1:27:31]} d6
{[%clk 1:25:09]} 8. c4 {[%clk 1:27:20]} Nbd7 {[%clk 1:24:45]} 9. Nc3
{[%clk 1:27:43]} O-O {[%clk 1:23:30]} 10. d4 {[%clk 1:26:15]} cxd4
{[%clk 1:23:41]} 11. exd4 {[%clk 1:25:43]} d5 {[%clk 1:22:29]} 12. Ne5
{[%clk 1:25:27]} dxc4 {[%clk 1:20:07]} 13. bxc4 {[%clk 1:25:38]} a6
{[%clk 0:50:49]} 14. f4 {[%clk 1:22:20]} Qc7 {[%clk 0:50:20]} 15. Bd3
{[%clk 1:21:49]} Rfd8 {[%clk 0:49:16]} 16. Qe2 {[%clk 1:21:42]} Nf8
{[%clk 0:43:10]} 17. Ne4 {[%clk 1:15:52]} Nxe4 {[%clk 0:41:57]} 18. Bxe4
{[%clk 1:15:02]} Bxe4 {[%clk 0:36:25]} 19. Qxe4 {[%clk 1:15:03]} Rac8
{[%clk 0:36:52]} 20. Rac1 {[%clk 1:13:22]} Nd7 {[%clk 0:34:34]} 21. Kh1
{[%clk 1:03:58]} Bf8 {[%clk 0:25:09]} 1/2-1/2

[Event "13th Khazar International Open Chess Tournament - "]
[Site "Rasht, Iran"]
[Date "2015.02.13"]
[Round "4"]
[Board "5"]
[White "Starostits, Ilmars"]
[Black "Bagheri, Maziar"]
[Result "0-1"]
[WhiteElo "2454"]
[BlackElo "2188"]
[PlyCount "0"]
[EventDate "2015.02.11"]
[EventRounds "9"]
[EventCountry "IRI"]

1. d4 {[%clk 1:30:57]} d5 {[%clk 1:30:52]} 2. c4 {[%clk 1:31:21]} c6
{[%clk 1:31:20]} 3. Nf3 {[%clk 1:31:43]} Nf6 {[%clk 1:31:08]} 4. e3
{[%clk 1:31:58]} Bf5 {[%clk 1:31:30]} 5. Nc3 {[%clk 1:32:07]} e6 {[%clk 1:31:53]}
6. Be2 {[%clk 1:31:10]} Nbd7 {[%clk 1:32:14]} 7. Qb3 {[%clk 1:30:36]} Qb6
{[%clk 1:32:37]} 8. c5 {[%clk 1:30:38]} Qc7 {[%clk 1:31:11]} 9. Nh4
{[%clk 1:30:06]} Bg6 {[%clk 1:30:49]} 10. f4 {[%clk 1:30:25]} Be7
{[%clk 1:29:37]} 11. O-O {[%clk 1:28:34]} Ne4 {[%clk 1:24:28]} 12. Nxg6
{[%clk 1:26:09]} hxg6 {[%clk 1:24:25]} 13. Nxe4 {[%clk 1:25:49]} dxe4
{[%clk 1:24:48]} 14. Bd2 {[%clk 1:25:29]} Nf6 {[%clk 1:21:43]} 15. Qc2
{[%clk 1:25:52]} Rd8 {[%clk 1:15:35]} 16. b4 {[%clk 1:23:22]} g5 {[%clk 1:13:34]}
17. g3 {[%clk 1:20:18]} gxf4 {[%clk 1:12:49]} 18. Rxf4 {[%clk 1:19:17]} Rd5
{[%clk 1:12:43]} 19. Be1 {[%clk 1:13:51]} Rg5 {[%clk 0:53:34]} 20. Rb1
{[%clk 1:04:01]} a6 {[%clk 0:38:46]} 21. a4 {[%clk 1:01:52]} Rg6 {[%clk 0:32:34]}
22. b5 {[%clk 0:57:53]} axb5 {[%clk 0:31:47]} 23. axb5 {[%clk 0:58:19]} Rgh6
{[%clk 0:31:27]} 24. Rh4 {[%clk 0:58:15]} Rxh4 {[%clk 0:15:07]} 25. gxh4
{[%clk 0:58:40]} O-O {[%clk 0:15:17]} 26. b6 {[%clk 0:58:08]} Qd8
{[%clk 0:14:15]} 27. Ra1 {[%clk 0:58:19]} e5 {[%clk 0:14:35]} 28. Rd1
{[%clk 0:54:34]} exd4 {[%clk 0:14:06]} 29. Rxd4 {[%clk 0:54:58]} Qc8
{[%clk 0:12:41]} 30. Bg3 {[%clk 0:42:49]} Qf5 {[%clk 0:12:37]} 31. Rc4
{[%clk 0:42:26]} Rd8 {[%clk 0:11:44]} 32. Bf4 {[%clk 0:37:19]} Rd5
{[%clk 0:10:54]} 33. Qa2 {[%clk 0:32:23]} Bxc5 {[%clk 0:08:59]} 34. Kh1
{[%clk 0:30:49]} Qh3 {[%clk 0:07:46]} 35. Qa1 {[%clk 0:23:09]} Bxb6
{[%clk 0:06:04]} 36. Bg5 {[%clk 0:17:26]} Rd2 {[%clk 0:04:20]} 37. Qf1
{[%clk 0:16:38]} Qxf1+ {[%clk 0:04:04]} 38. Bxf1 {[%clk 0:17:05]} Ng4
{[%clk 0:04:16]} 39. h3 {[%clk 0:14:33]} Nxe3 {[%clk 0:03:52]} 40. Bxe3
{[%clk 0:14:40]} Bxe3 {[%clk 0:04:15]} 41. Rxe4 {[%clk 0:15:04]} Bc5
{[%clk 0:04:28]} 42. Re8+ {[%clk 0:15:22]} Bf8 {[%clk 0:03:56]} 43. Rc8
{[%clk 0:14:45]} Rd7 {[%clk 0:02:38]} 44. h5 {[%clk 0:15:03]} Re7
{[%clk 0:01:14]} 45. Bg2 {[%clk 0:14:52]} Re5 {[%clk 0:01:04]} 46. Bf3
{[%clk 0:15:15]} Re7 {[%clk 0:00:47]} 47. Kg2 {[%clk 0:15:24]} Rd7
{[%clk 0:01:17]} 48. Be4 {[%clk 0:15:37]} Re7 {[%clk 0:01:23]} 49. Bf3
{[%clk 0:15:31]} Rd7 {[%clk 0:01:15]} 50. Bg4 {[%clk 0:15:27]} Rd6
{[%clk 0:01:25]} 51. Bf3 {[%clk 0:15:43]} Rf6 {[%clk 0:01:30]} 52. Rc7
{[%clk 0:15:45]} b5 {[%clk 0:01:34]} 53. Rxc6 {[%clk 0:15:59]} Rxc6 54. Bxc6
{[%clk 0:16:23]} b4 {[%clk 0:02:09]} 55. Bd5 {[%clk 0:16:49]} Bc5
{[%clk 0:02:28]} 56. Kf3 {[%clk 0:16:59]} Kf8 {[%clk 0:02:43]} 57. Ke4
{[%clk 0:17:23]} Ke7 {[%clk 0:03:06]} 58. Kf5 {[%clk 0:17:40]} Be3
{[%clk 0:03:31]} 59. Bb3 {[%clk 0:18:00]} Bh6 {[%clk 0:03:45]} 60. Ba2
{[%clk 0:18:16]} f6 {[%clk 0:04:13]} 61. Ke4 {[%clk 0:17:44]} Kd6
{[%clk 0:04:39]} 62. Bb3 {[%clk 0:18:06]} Kc5 {[%clk 0:05:04]} 63. Be6
{[%clk 0:18:16]} Bc1 {[%clk 0:04:49]} 64. Bf7 {[%clk 0:15:02]} Bd2
{[%clk 0:04:38]} 65. Be6 {[%clk 0:15:19]} Bh6 {[%clk 0:05:02]} 66. Bf7
{[%clk 0:15:41]} f5+ {[%clk 0:05:08]} 67. Kxf5 {[%clk 0:16:05]} Kd4
{[%clk 0:05:37]} 68. Kg4 {[%clk 0:16:12]} Kc3 {[%clk 0:05:43]} 69. Kf3
{[%clk 0:16:38]} b3 {[%clk 0:06:06]} 70. Ke2 {[%clk 0:16:56]} Kc2
{[%clk 0:06:30]} 71. Bxb3+ {[%clk 0:12:50]} Kxb3 {[%clk 0:06:58]} 72. Kd3
{[%clk 0:13:16]} Kb2 {[%clk 0:07:03]} 73. h4 {[%clk 0:13:23]} Kc1
{[%clk 0:07:31]} 74. Ke2 {[%clk 0:13:45]} Kc2 {[%clk 0:07:58]} 75. Kf3
{[%clk 0:14:10]} Kd3 {[%clk 0:08:24]} 76. Kg3 {[%clk 0:14:33]} Ke2
{[%clk 0:08:08]} 77. Kg2 {[%clk 0:14:56]} Bf4 {[%clk 0:08:32]} 78. Kh3
{[%clk 0:14:52]} Kf3 {[%clk 0:08:56]} 0-1

[Event "13th Khazar International Open Chess Tournament - "]
[Site "Rasht, Iran"]
[Date "2015.02.13"]
[Round "4"]
[Board "6"]
[White "Sheykhhasani, Bardia"]
[Black "Pourramezanali, Amirreza"]
[Result "1/2-1/2"]
[WhiteElo "2328"]
[BlackElo "2432"]
[PlyCount "0"]
[EventDate "2015.02.11"]
[EventRounds "9"]
[EventCountry "IRI"]

1. e4 {[%clk 1:30:12]} e6 {[%clk 1:30:55]} 2. d4 {[%clk 1:30:01]} d5
{[%clk 1:31:20]} 3. Nd2 {[%clk 1:29:44]} Be7 {[%clk 1:31:45]} 4. e5
{[%clk 1:26:59]} c5 {[%clk 1:32:09]} 5. c3 {[%clk 1:27:16]} Nc6 {[%clk 1:31:16]}
6. Ndf3 {[%clk 1:21:50]} Qb6 {[%clk 1:30:10]} 7. Bd3 {[%clk 1:15:10]} Bd7
{[%clk 1:17:45]} 8. dxc5 {[%clk 1:00:28]} Bxc5 {[%clk 1:17:51]} 9. Qe2
{[%clk 1:00:56]} f6 {[%clk 1:00:03]} 10. b4 {[%clk 0:45:50]} Be7 {[%clk 1:00:12]}
11. Bf4 {[%clk 0:45:36]} g5 {[%clk 0:53:15]} 12. Be3 {[%clk 0:37:23]} Qc7
{[%clk 0:53:08]} 13. exf6 {[%clk 0:37:32]} Bxf6 {[%clk 0:53:18]} 14. Rc1
{[%clk 0:37:20]} g4 {[%clk 0:47:58]} 15. Nd4 {[%clk 0:34:07]} Ne5
{[%clk 0:32:24]} 16. Nb5 {[%clk 0:24:39]} Qc6 {[%clk 0:29:43]} 17. Nd4
{[%clk 0:22:11]} Nxd3+ {[%clk 0:29:36]} 18. Qxd3 {[%clk 0:22:36]} Qa4
{[%clk 0:26:57]} 19. Nge2 {[%clk 0:17:37]} Ne7 {[%clk 0:26:49]} 20. Qd2
{[%clk 0:13:47]} Rg8 {[%clk 0:21:35]} 21. Nf4 {[%clk 0:11:39]} e5
{[%clk 0:20:14]} 22. Nh5 {[%clk 0:11:54]} Bh8 23. Nb3 {[%clk 0:12:04]} Qc6
{[%clk 0:20:52]} 24. Bc5 {[%clk 0:08:40]} b6 {[%clk 0:17:07]} 25. Bxe7
{[%clk 0:08:56]} Kxe7 {[%clk 0:17:35]} 26. O-O {[%clk 0:09:05]} Rg6
{[%clk 0:16:41]} 27. Rce1 {[%clk 0:07:54]} Rf8 {[%clk 0:13:35]} 28. Nd4
{[%clk 0:05:58]} Qc4 {[%clk 0:11:39]} 29. Nc2 {[%clk 0:04:56]} Be6
{[%clk 0:09:42]} 30. Ne3 {[%clk 0:04:12]} Qc6 {[%clk 0:10:11]} 31. Rd1
{[%clk 0:04:13]} Rd8 {[%clk 0:10:16]} 32. Ng3 {[%clk 0:04:20]} Rd7
{[%clk 0:08:46]} 33. Nef5+ {[%clk 0:04:06]} Kd8 {[%clk 0:08:56]} 34. Nh4
{[%clk 0:03:44]} Rg8 {[%clk 0:09:09]} 35. Qh6 {[%clk 0:03:25]} Kc7
{[%clk 0:08:51]} 36. b5 {[%clk 0:03:36]} Qd6 {[%clk 0:09:10]} 37. c4
{[%clk 0:03:28]} d4 {[%clk 0:08:43]} 38. c5 {[%clk 0:03:58]} bxc5
{[%clk 0:07:25]} 39. Ne4 {[%clk 0:04:27]} Qe7 {[%clk 0:07:49]} 40. Nxc5
{[%clk 0:04:46]} Rd6 {[%clk 0:06:21]} 41. Rc1 {[%clk 0:03:36]} Kd8
{[%clk 0:06:51]} 42. Ne4 {[%clk 0:00:55]} Rb6 {[%clk 0:07:13]} 43. Rc6
{[%clk 0:01:09]} Bg7 {[%clk 0:05:51]} 44. Qh5 {[%clk 0:01:00]} Rxc6
{[%clk 0:04:32]} 45. bxc6 {[%clk 0:01:29]} Kc7 {[%clk 0:03:30]} 46. Nf5
{[%clk 0:01:21]} Qf7 {[%clk 0:03:28]} 47. Nxg7 {[%clk 0:01:36]} Qxg7
{[%clk 0:03:57]} 48. Nc5 {[%clk 0:01:06]} Bd5 {[%clk 0:01:08]} 49. Qf5 1/2-1/2

[Event "13th Khazar International Open Chess Tournament - "]
[Site "Rasht, Iran"]
[Date "2015.02.13"]
[Round "4"]
[Board "7"]
[White "Mosadeghpour, Masoud"]
[Black "Iskandarov, Misratdin"]
[Result "1-0"]
[WhiteElo "2325"]
[BlackElo "2396"]
[PlyCount "0"]
[EventDate "2015.02.11"]
[EventRounds "9"]
[EventCountry "IRI"]

1. e4 {[%clk 1:30:53]} e5 {[%clk 1:29:38]} 2. Nf3 {[%clk 1:29:51]} Nc6
{[%clk 1:30:03]} 3. Bc4 {[%clk 1:30:15]} Bc5 {[%clk 1:30:15]} 4. b4
{[%clk 1:30:33]} Bxb4 {[%clk 1:29:59]} 5. c3 {[%clk 1:30:42]} Ba5
{[%clk 1:28:18]} 6. d4 {[%clk 1:30:49]} exd4 {[%clk 1:25:18]} 7. O-O
{[%clk 1:31:04]} d3 {[%clk 1:23:16]} 8. Qb3 {[%clk 1:27:32]} Qf6 {[%clk 1:12:47]}
9. e5 {[%clk 1:26:55]} Qg6 {[%clk 1:07:12]} 10. Rd1 {[%clk 1:26:11]} d2
{[%clk 1:06:40]} 11. Nbxd2 {[%clk 1:21:46]} Bb6 {[%clk 1:01:23]} 12. Qa4
{[%clk 1:21:48]} Nh6 {[%clk 0:57:01]} 13. Ne4 {[%clk 1:14:32]} Ng4
{[%clk 0:42:26]} 14. h3 {[%clk 1:13:49]} Ngxe5 {[%clk 0:31:22]} 15. Nh4
{[%clk 1:14:00]} Qh5 {[%clk 0:27:53]} 16. Ng3 {[%clk 1:13:37]} Qxh4
{[%clk 0:26:29]} 17. Bxf7+ {[%clk 1:14:00]} Nxf7 {[%clk 0:26:55]} 18. Qxh4
{[%clk 1:14:18]} O-O {[%clk 0:27:19]} 19. Re1 {[%clk 1:09:40]} d6
{[%clk 0:24:23]} 20. Be3 {[%clk 1:09:28]} Ba5 {[%clk 0:24:49]} 21. Qc4
{[%clk 0:57:01]} Nce5 {[%clk 0:19:50]} 22. Qb3 {[%clk 0:55:58]} Bd7
{[%clk 0:15:37]} 23. Bd4 {[%clk 0:51:29]} Bc6 {[%clk 0:15:53]} 24. Bxe5
{[%clk 0:50:01]} dxe5 {[%clk 0:16:02]} 25. Rxe5 {[%clk 0:49:58]} Bb6
{[%clk 0:16:23]} 26. Re7 {[%clk 0:49:27]} Bc5 {[%clk 0:12:37]} 27. Rae1
{[%clk 0:45:40]} Bxe7 {[%clk 0:12:45]} 28. Rxe7 {[%clk 0:46:08]} Rae8
{[%clk 0:10:15]} 29. Nf5 {[%clk 0:44:50]} Be4 {[%clk 0:09:41]} 30. Qa4
{[%clk 0:44:58]} Bc6 {[%clk 0:07:56]} 31. Qd4 {[%clk 0:45:17]} 1-0

[Event "13th Khazar International Open Chess Tournament - "]
[Site "Rasht, Iran"]
[Date "2015.02.13"]
[Round "4"]
[Board "8"]
[White "Mahjoob, Morteza"]
[Black "Atanejhad, Sahebali"]
[Result "1-0"]
[WhiteElo "2392"]
[BlackElo "2180"]
[PlyCount "0"]
[EventDate "2015.02.11"]
[EventRounds "9"]
[EventCountry "IRI"]

1. d4 Nf6 2. c4 g6 3. Nc3 Bg7 4. g3 d6 5. Nf3 O-O 6. Bg2 c6 7. O-O Qa5 8. e4 e5
9. h3 Nbd7 10. Re1 exd4 11. Nxd4 Rd8 12. Be3 Ne5 13. Bf1 Be6 14. Nxe6 fxe6 15. f4
Nf7 16. Qb3 Nh5 17. g4 Bxc3 18. bxc3 Nf6 19. Bf2 g5 20. c5 gxf4 21. Qxe6 Qxc3 22.
e5 Nd5 23. Rac1 Qb2 24. Rb1 Qc2 25. Rxb7 Rf8 26. cxd6 Rae8 27. Re7 Rxe7 28. dxe7
Re8 29. Qf5 Qc3 30. Bd3 Rxe7 31. Qxh7+ Kf8 32. Bg6 Nf6 33. exf6 Rxe1+ 34. Kh2 Qc4
35. Qg7+ Ke8 36. Qxf7+ 1-0

[Event "13th Khazar International Open Chess Tournament - "]
[Site "Rasht, Iran"]
[Date "2015.02.13"]
[Round "4"]
[Board "9"]
[White "Ezzati, Fereidoon"]
[Black "Noroozi, Omid"]
[Result "1/2-1/2"]
[WhiteElo "2180"]
[BlackElo "2376"]
[PlyCount "0"]
[EventDate "2015.02.11"]
[EventRounds "9"]
[EventCountry "IRI"]

1. e4 {[%clk 1:31:00]} c5 {[%clk 1:25:14]} 2. Nf3 {[%clk 1:30:25]} Nc6
{[%clk 1:20:21]} 3. d4 {[%clk 1:30:48]} cxd4 {[%clk 1:20:46]} 4. Nxd4
{[%clk 1:31:12]} g6 {[%clk 1:21:11]} 5. Nc3 {[%clk 1:31:19]} Bg7 {[%clk 1:21:36]}
6. Be3 {[%clk 1:31:46]} Qa5 {[%clk 1:21:33]} 7. Qd2 {[%clk 1:25:37]} Nf6
{[%clk 1:21:56]} 8. f3 {[%clk 1:26:04]} O-O {[%clk 1:21:58]} 9. Nb3
{[%clk 1:26:02]} Qc7 {[%clk 1:21:32]} 10. Bh6 {[%clk 1:23:36]} Bxh6
{[%clk 1:16:51]} 11. Qxh6 {[%clk 1:23:35]} d5 {[%clk 1:17:04]} 12. exd5
{[%clk 1:11:34]} Qe5+ {[%clk 1:15:37]} 13. Be2 {[%clk 1:11:51]} Nxd5
{[%clk 1:13:21]} 14. Nxd5 {[%clk 1:11:59]} Qxd5 {[%clk 1:13:48]} 15. O-O
{[%clk 1:11:19]} Qe5 {[%clk 1:14:04]} 16. Bd3 {[%clk 1:08:38]} Qxb2
{[%clk 1:14:18]} 17. Kh1 {[%clk 1:08:14]} Qg7 {[%clk 1:02:41]} 18. Qe3
{[%clk 1:08:18]} Qe5 {[%clk 0:58:49]} 19. Qh6 {[%clk 1:08:19]} Bf5
{[%clk 0:58:04]} 20. Rae1 {[%clk 0:54:26]} Qf6 {[%clk 0:57:48]} 21. Bxf5
{[%clk 0:53:21]} Qxf5 {[%clk 0:58:16]} 22. Re4 Rad8 {[%clk 0:54:39]} 23. Rh4
{[%clk 0:42:36]} g5 {[%clk 0:55:01]} 24. Rg4 {[%clk 0:42:57]} f6 {[%clk 0:55:25]}
25. h4 {[%clk 0:42:14]} Ne5 {[%clk 0:55:31]} 26. Re4 {[%clk 0:42:12]} Nf7
{[%clk 0:52:41]} 27. Qh5 {[%clk 0:40:10]} e5 {[%clk 0:52:45]} 28. hxg5
{[%clk 0:36:55]} fxg5 {[%clk 0:51:03]} 29. Kg1 {[%clk 0:29:32]} Rd6
{[%clk 0:51:31]} 30. Qh2 {[%clk 0:29:29]} Rc8 {[%clk 0:51:42]} 31. c4
{[%clk 0:26:39]} b6 {[%clk 0:50:53]} 32. Rfe1 {[%clk 0:25:44]} Qd7
{[%clk 0:49:17]} 33. Qg3 {[%clk 0:25:03]} Rdc6 {[%clk 0:49:19]} 34. c5
{[%clk 0:24:23]} bxc5 35. Na5 Ra6 {[%clk 0:45:09]} 36. Nc4 {[%clk 0:25:20]} Rxa2
{[%clk 0:43:27]} 37. Nxe5 {[%clk 0:21:46]} Nxe5 {[%clk 0:38:29]} 38. Qxe5
{[%clk 0:22:15]} Ra6 {[%clk 0:30:47]} 39. Qxg5+ {[%clk 0:22:36]} Rg6
{[%clk 0:31:16]} 40. Qc1 {[%clk 0:22:58]} Qd5 {[%clk 0:28:43]} 41. Qa3
{[%clk 0:20:10]} Rf8 {[%clk 0:23:32]} 42. Kf2 {[%clk 0:17:38]} Qg5
{[%clk 0:20:40]} 43. Qa2+ {[%clk 0:16:37]} Kh8 {[%clk 0:19:17]} 44. g4
{[%clk 0:13:56]} Rgf6 {[%clk 0:16:10]} 45. Qb2 {[%clk 0:12:36]} Qd5
{[%clk 0:10:50]} 46. R1e3 {[%clk 0:12:20]} R8f7 {[%clk 0:05:52]} 47. Kg2
{[%clk 0:11:07]} h6 {[%clk 0:01:04]} 48. Qc3 {[%clk 0:09:57]} Qa2+
{[%clk 0:01:01]} 49. Re2 {[%clk 0:10:11]} Qd5 {[%clk 0:01:29]} 50. R2e3
{[%clk 0:09:54]} Qa2+ {[%clk 0:01:01]} 51. Re2 {[%clk 0:10:18]} Qd5
{[%clk 0:01:10]} 52. R2e3 {[%clk 0:10:29]} 1/2-1/2

[Event "13th Khazar International Open Chess Tournament - "]
[Site "Rasht, Iran"]
[Date "2015.02.13"]
[Round "4"]
[Board "10"]
[White "Soozankar, A.M."]
[Black "Ghaem Maghami, Ehsan"]
[Result "0-1"]
[WhiteElo "2258"]
[BlackElo "2554"]
[PlyCount "0"]
[EventDate "2015.02.11"]
[EventRounds "9"]
[EventCountry "IRI"]

1. e4 {[%clk 1:30:55]} c5 {[%clk 1:30:53]} 2. Nf3 {[%clk 1:31:16]} e6
{[%clk 1:31:00]} 3. c3 {[%clk 1:31:00]} Nf6 {[%clk 1:30:51]} 4. Bd3
{[%clk 1:31:08]} Nc6 {[%clk 1:30:13]} 5. Bc2 {[%clk 1:31:03]} d5 {[%clk 1:16:03]}
6. e5 {[%clk 1:30:44]} Nd7 {[%clk 1:16:20]} 7. d4 {[%clk 1:31:10]} Be7
{[%clk 1:15:41]} 8. O-O {[%clk 1:31:12]} Qb6 {[%clk 1:14:35]} 9. Re1
{[%clk 1:25:36]} O-O {[%clk 1:08:21]} 10. a3 {[%clk 1:19:30]} a5 {[%clk 1:04:32]}
11. Qd3 {[%clk 1:19:43]} g6 {[%clk 1:01:33]} 12. h4 {[%clk 1:15:50]} f5
{[%clk 0:58:23]} 13. exf6 {[%clk 1:00:15]} Nxf6 {[%clk 0:57:34]} 14. Ng5
{[%clk 0:59:54]} c4 {[%clk 0:49:49]} 15. Qd1 {[%clk 0:39:47]} e5 {[%clk 0:42:11]}
16. dxe5 {[%clk 0:38:24]} Ng4 {[%clk 0:42:27]} 17. Qxd5+ {[%clk 0:38:31]} Kg7
{[%clk 0:42:43]} 18. Ne4 {[%clk 0:37:22]} Rxf2 0-1

[Event "13th Khazar International Open Chess Tournament - "]
[Site "Rasht, Iran"]
[Date "2015.02.14"]
[Round "5"]
[Board "1"]
[White "Tarlev, Konstantin"]
[Black "Mosadeghpour, Masoud"]
[Result "1/2-1/2"]
[WhiteElo "2557"]
[BlackElo "2325"]
[PlyCount "0"]
[EventDate "2015.02.11"]
[EventRounds "9"]
[EventCountry "IRI"]

1. e4 {[%clk 1:30:58]} e5 {[%clk 1:30:50]} 2. Nf3 {[%clk 1:31:24]} Nf6
{[%clk 1:31:11]} 3. Nxe5 {[%clk 1:31:48]} d6 {[%clk 1:31:34]} 4. Nf3
{[%clk 1:32:16]} Nxe4 {[%clk 1:31:59]} 5. d4 {[%clk 1:32:43]} d5 {[%clk 1:32:21]}
6. Bd3 {[%clk 1:33:09]} Nc6 {[%clk 1:32:44]} 7. O-O {[%clk 1:33:30]} Be7
{[%clk 1:33:14]} 8. c4 {[%clk 1:33:54]} Nf6 {[%clk 1:33:38]} 9. cxd5
{[%clk 1:29:42]} Nxd5 {[%clk 1:33:57]} 10. Nc3 {[%clk 1:30:08]} O-O
{[%clk 1:33:07]} 11. Be4 {[%clk 1:11:18]} Be6 {[%clk 1:29:21]} 12. Re1
{[%clk 1:11:36]} Re8 {[%clk 1:24:13]} 13. Qd3 {[%clk 1:02:19]} h6
{[%clk 1:14:04]} 14. a3 {[%clk 0:30:12]} Qd7 {[%clk 1:07:31]} 15. Be3
{[%clk 0:28:04]} a6 {[%clk 0:54:25]} 16. Ne5 {[%clk 0:23:04]} Nxe5
{[%clk 0:44:46]} 17. dxe5 {[%clk 0:23:32]} Nxe3 {[%clk 0:44:42]} 18. Qxe3
{[%clk 0:23:54]} c6 {[%clk 0:44:55]} 19. Rad1 {[%clk 0:22:26]} Qc7
{[%clk 0:44:30]} 20. f4 {[%clk 0:19:44]} Rad8 {[%clk 0:40:23]} 21. Bc2
{[%clk 0:19:33]} Rxd1 {[%clk 0:36:18]} 22. Rxd1 {[%clk 0:19:58]} Rd8
{[%clk 0:36:24]} 23. Rxd8+ {[%clk 0:19:29]} Bxd8 {[%clk 0:31:08]} 24. Na4
{[%clk 0:19:46]} Be7 {[%clk 0:21:05]} 25. h3 {[%clk 0:15:12]} Qd8
{[%clk 0:19:05]} 26. Kh2 {[%clk 0:14:17]} h5 {[%clk 0:15:04]} 27. Nc3
{[%clk 0:13:23]} h4 {[%clk 0:14:12]} 28. Ne4 {[%clk 0:04:47]} c5 {[%clk 0:09:03]}
29. Bb3 {[%clk 0:01:45]} Bxb3 {[%clk 0:05:11]} 30. Qxb3 {[%clk 0:02:12]} Qd4
{[%clk 0:05:31]} 31. Qxb7 {[%clk 0:02:01]} Bf8 {[%clk 0:05:59]} 32. Qc6
{[%clk 0:00:41]} Qe3 {[%clk 0:06:24]} 33. e6 {[%clk 0:00:46]} Qxf4+
{[%clk 0:01:11]} 34. g3 {[%clk 0:01:14]} hxg3+ {[%clk 0:01:04]} 35. Kg2
{[%clk 0:01:43]} Qe5 {[%clk 0:00:35]} 36. exf7+ {[%clk 0:01:58]} Kxf7
{[%clk 0:01:04]} 37. Qb7+ {[%clk 0:02:07]} Kg8 {[%clk 0:00:49]} 38. b3
{[%clk 0:00:40]} a5 {[%clk 0:00:35]} 39. a4 {[%clk 0:00:56]} g6 {[%clk 0:00:34]}
40. Kf3 {[%clk 0:00:58]} g5 {[%clk 0:00:33]} 1/2-1/2